[Event "Ekaterinburg Sysoev Memorial Rapid"]
[Site "Ekaterinburg"]
[Date "2021.11.28"]
[Round "4"]
[White "Voskanyan, Argisht"]
[Black "Belov, Danila"]
[Result "1-0"]
[WhiteElo "1578"]
[BlackElo "1629"]
[PlyCount "113"]
[EventDate "2021.11.28"]
[EventType "swiss (rapid)"]
[EventRounds "8"]
[EventCountry "RUS"]
[SourceTitle "EXT 2023"]
[Source "ChessBase"]
[SourceDate "2022.10.05"]
[SourceVersion "1"]
[SourceVersionDate "2022.10.05"]
[SourceQuality "1"]

1. Nf3 Nf6 2. b3 b6 3. Bb2 Bb7 4. e3 g6 5. c4 Bg7 6. Be2 c5 7. 0-0 0-0 8. d4 Na6 9. Nc3 e6 10. Qd2 d5 11. cxd5 Nxd5 12. Nxd5 Qxd5 13. Rfd1 Rfd8 14. Bc4 Qf5 15. Qe2 Nc7 16. dxc5 Bxf3 17. gxf3 Bxb2 18. Qxb2 Qxc5 19. Qf6 Rxd1+ 20. Rxd1 Ne8 21. Rd8 Rxd8 22. Qxd8 Kf8 23. a4 Qe7 24. Qd4 Qg5+ 25. Kf1 Qf5 26. Kg2 Qg5+ 27. Kf1 Qf5 28. Kg2 Ke7 29. Bd3 Qg5+ 30. Kf1 Qh5 31. Kg2 Nd6 32. Qc3 Kd7 33. Qd4 Ke7 34. Qc3 Kd7 35. Qd4 Qg5+ 36. Kf1 Qa5 37. Bb5+ Ke7 38. b4 Nxb5 39. Qh4+ g5 40. Qxg5+ f6 41. Qg7+ Kd6 42. bxa5 Nc7 43. axb6 axb6 44. Qxf6 Nd5 45. Qd4 e5 46. Qh4 Kc5 47. Qxh7 Kb4 48. Qe4+ Kc5 49. h4 Nc3 50. Qc2 Kb4 51. h5 Nxa4 52. h6 b5 53. h7 e4 54. h8Q exf3 55. Qd4+ Ka5 56. Qc7+ Nb6 57. Qcxb6# 1-0